| 000 | 00607nam a22002057a 4500 | ||
|---|---|---|---|
| 005 | 20140416151753.0 | ||
| 010 | _aENG-109189 | ||
| 020 |
_c360.00 _a9788189941468 |
||
| 035 | _aEN-92722 | ||
| 037 | _bDBAD/PUB | ||
| 082 | _a660.6 | ||
| 100 | _aKumaresan, V. | ||
| 245 |
_aBiotechnology / _cby V. Kumaresan |
||
| 250 | _a6th ed | ||
| 260 |
_bSaras Publication _c2013 _aNagercoil |
||
| 270 |
_bNagercoil _e629002 _a114/35G, A. R. P. Camp Road, Periavilai, Kottar P. O., |
||
| 300 |
_axviii,887p. : _c24cm(pbk) _bill. |
||
| 500 | _aIncludes index | ||
| 942 |
_2ddc _cEN _mKUM _h660.6 |
||
| 999 |
_c82209 _d82209 |
||